Business Partners /

Bewaard in:
Bibliografische gegevens
Hoofdauteur: Brown, Pearson
Andere auteurs: Allison, John
Formaat: Sách giấy
Taal:English
Gepubliceerd in: London : Commercial colour press , 1991
Tags: Voeg label toe
Geen labels, Wees de eerste die dit record labelt!
Thư viện lưu trữ: Thư viện Trường Đại học Đà Lạt
LEADER 00620nam a2200265 4500
001 DLU020015782
005 ##10/17/2000
020 # # |a 978- 
041 # # |a eng 
082 # # |a 808.066  |b BR-P 
090 # # |a 808.066  |b BR-P 
100 # # |a Brown, Pearson 
245 # # |a Business Partners /  |c Brown Pearson, Allison John 
260 # # |a London :  |b Commercial colour press ,  |c 1991 
300 # # |a 72 tr.;   |c 21 cm. 
700 # # |a Allison, John 
992 # # |a 14500 
994 # # |a DLU 
900 # # |a False 
911 # # |a Administrator 
925 # # |a G 
926 # # |a A 
927 # # |a SH 
980 # # |a Thư viện Trường Đại học Đà Lạt